000 01039nam a22002537a 4500
005 20170124103154.0
010 _aB-198078
020 _c190.00
_a8188118907
035 _aB-198078
037 _bCen Lib/Ret
040 _aDPL
_bHN
082 _a613.7046
_bशर्माओ
100 _aशर्मा, ओमप्रकाश
_989228
245 _aसचित्र योगासन /
_cओमप्रकाश शर्मा
246 _aSachitr yogasan
_bby Omprakash Sharma
260 _aदिल्ली
_bआर्य प्रकाशन मंडल
_c2006
270 _aix,221-सरस्वती भंडार गाँधी नगर
_bदिल्ली
_e110031
300 _a237पृष्ठ. :
_c21सेमी(सजिल्द)
_bचित्र.
650 _aयोगासन
_989229
650 _aविशिष्ट योगासन
_9239
650 _aYoga
_989230
650 _aSpecific yoga
_989231
942 _2ddc
_cHN
_h613.7046
_mशर्माओ
999 _c120223
_d120223